| 000 | 01140nam a22002417i 4500 | ||
|---|---|---|---|
| 999 |
_c23163 _d23163 |
||
| 003 | AR-CdUCM | ||
| 008 | 250106b20222022 pe||||| |||| 00| 0 spa d | ||
| 040 |
_aMUNICIPALIDAD PROVINCIAL DEL CUSCO _cBIBLIOTECA MUNICIPAL DEL CUSCO |
||
| 041 | _hspa | ||
| 082 |
_2Segunda edición _a709.856 / G96 _bG96 |
||
| 100 |
_aGutiérrez Loayza, Julio Genaro _950920 |
||
| 245 |
_aSesenta Años de Arte en el Qosqo (1927-1988) : _bEnsayos, Artículos y Comentarios / |
||
| 260 |
_aCusco : _bUniversidad Diego Quispe Tito _c2022 |
||
| 300 |
_a412 páginas. : _c23 cm. |
||
| 505 | _aPintores cusqueños Francisco Gonzales Gamarra, Manuel Agustín Rivero Ricalde, Mariano Fuentes Lira -- Comentarios sobre arte decorativo, restauraciones -- Notas sobre estética, arquitectura y defensa del patrimonio artístico -- Arte y educación -- Arte y revolución -- Pintura colonial cusqueña -- Arte popular | ||
| 650 |
_aPintores cusqueños _946139 |
||
| 650 |
_aComentarios de arte _950921 |
||
| 650 |
_aEstética _9589 |
||
| 650 |
_aPintura colonial _946048 |
||
| 650 |
_aPatrimonio artístico _935661 |
||
| 942 |
_2ddc _cLIBROS |
||
| 945 |
_apbj _d06-01-2025 |
||